• 首页
  • 本馆介绍
  • 公告通知
  • 最新文献
  • 馆藏检索
  • 电子资源
  • 读者导购
  • 参考咨询
  • 我的图书馆
  • 登录
  • 详细信息显示
  • 放入我的书架
  • 预约/预借图书
  • 作者相关作品
  • 分类相关作品
  • 丛书相关作品
  • 出版社相关作品

书目信息

  • 表格格式
  • 工作单格式
  • 卡片格式
题名:
电噪声手册
    
 
作者: 弗格斯 , Vergers 著 ;张伦 , 李镇远 译
分册:  
出版信息: 北京   计量出版社  1982
页数: 226页
开本: 19cm
丛书名:
单 册:
中图分类: TM937.4 , TM912.1-62
科图分类:
主题词: 电磁场-噪声计--手册 , 噪声计-电磁场--手册
电子资源:
ISBN:
000 00950nam0 2200325 45
001 0182007144
005 20040517084500.6
010    @dCNY1.00
091    @a15210.95
100    @a19950616d1982 em y0chiy0121 ea
101 1  @achi@ceng
102    @aCN@b110000
105    @ay z 000yy
106    @ar
200 10 @a电噪声手册@Adian zao sheng shou ce@f(美)查理.A.弗格斯(C.A. Vergers)著@g张伦,李镇远译
210    @a北京@c计量出版社@d1982
215    @a226页@d19cm
300    @a书名原文:Handbook of Electrical Noise
510 1  @aHandbook of Electrical Noise@zeng
606    @a电磁场-噪声计@x手册
606    @a噪声计-电磁场@x手册
690    @aTM937.4@v3
690    @aTM912.1-62
701  1 @a弗格斯@Afu ge si@b查理.A.@4著
701 A1 @aVergers@bC.A.@4著
702  0 @a张伦@Azhang lun@4译
702  0 @a李镇远@Ali zhen yuan@4译
801  0 @aCN@b上海图书馆@c20040517
801  2 @aCN@bNLC@c20040517
905    @f1@b63895@dTM912.1-62@e5
    
    电噪声手册/(美)查理.A.弗格斯(C.A. Vergers)著/张伦,李镇远译.-北京:计量出版社,1982
    226页;19cm
    书名原文:Handbook of Electrical Noise
    
    ISBN :CNY1.00
    
●
相关链接 在E读中查询图书 在五车中查询图书 在当当中查询图书 在豆瓣中查询图书


正题名:电噪声手册     索取号:TM912.1-62/5         预约/预借

序号 登录号 条形码 馆藏地/架位号 状态 备注
1 0063895   001323650   第三借阅区/ [索取号:TM912.1-62/5] 在馆    
2 0063896   001323598   第二样本阅览室/ [索取号:TM912.1-62/5] 在馆    
唐山师范学院图书馆 欢迎您!
大连网信软件有限公司© 版权所有